000 00705cab a2200241 4500
001 WB3418-14
008 090401t1998 xxu||||| |||| 00| 0 eng d
035 _a(Sirsi) u86166
041 _aeng
245 _aWorking patterns
260 _c1998
350 _a0
490 _aFinancial Times
_v12 May 1998, 14(1)
520 _aBT is setting up a `work-life forum` to investigate ways of working that will balance the demands of business and employee`s personal lives more effectively.
650 _aBT
650 _aFLEXIBLE WORKING
650 _aTELEWORKING
650 _aWORK STRATEGIES
650 _aWORKING PATTERNS
690 _aECONOMIC AND SOCIAL
942 _n0
948 _c13/05/1998
999 _c54204
_d54204